Statistics for Hong Kong Immigration Control Points Map Quiz 香港出入境管制站

Click here to take the quiz!

General Stats

  • This quiz has been taken 133 times
  • The average score is 10 of 15

Answers on the Map

Answers color-coded by a green-red scale on the quiz's map according to % correct below.
 

Answer Stats

Answer% Correct
Hong Kong International Airport
香港國際機場
86%
Hong Kong-Zhuhai-Macao Bridge
港珠澳大橋
86%
Kai Tak Cruise Terminal
啓德郵輪碼頭
80%
Macau Ferry Terminal
港澳客輪碼頭
80%
Hung Hom
紅磡
78%
Shenzhen Bay
深圳灣
78%
Tuen Mun Ferry Terminal
屯門客運碼頭
77%
China Ferry Terminal
中國客運碼頭
68%
Lo Wu
羅湖
67%
Lok Ma Chau
落馬洲
66%
Express Rail Link West Kowloon
高鐵西九龍
62%
Sha Tau Kok
沙頭角
58%
Man Kam To
文錦渡
49%
Heung Yuen Wai
香園圍
47%
Lok Ma Chau Spur Line
落馬洲支線
41%

Score Distribution

Percentile by Number Answered

Percent of People with Each Score

Your Score History

You have not taken this quiz